[Event "Isle of Wight International"]
[Site "Ryde"]
[Date "2025.02.22"]
[Round "7.30"]
[White "Sooraj, M R"]
[Black "Chong, Kai Ni Agnes"]
[Result "1/2-1/2"]
[WhiteElo "2152"]
[BlackElo "1955"]
[PlyCount "206"]
[EventDate "2025.02.18"]
[EventType "swiss"]
[EventRounds "9"]
[EventCountry "ENG"]
[SourceTitle "BritBase"]
[Source "John Saunders"]
[SourceDate "2025.02.21"]
[SourceVersion "1"]
[SourceVersionDate "2025.02.21"]
[SourceQuality "1"]

1. e4 c5 2. Nc3 Nc6 3. g3 g6 4. Bg2 Bg7 5. d3 d6 6. Be3 Rb8 7. Nge2 b5 8. a3 a5 9. Qd2 b4 10. axb4 axb4 11. Nd1 Nd4 12. O-O h5 13. h4 Bg4 14. f3 Bd7 15. Nc1 e6 16. c3 bxc3 17. bxc3 Nb5 18. d4 c4 19. Nb2 Qc8 20. Ra4 d5 21. exd5 exd5 22. Re1 Kf8 23. Bf4 Bh6 24. Ne2 Bxf4 25. Qxf4 Kg7 26. Rea1 Qc7 27. Nd1 Qxf4 28. Nxf4 Nf6 29. Rb4 Ra8 30. Rbb1 Rhe8 31. Kf2 Na3 32. Rb6 Nb5 33. Raa6 Nc7 34. Rxa8 Rxa8 35. Bh3 Ra2+ 36. Ke3 Ba4 37. Rb7 Nfe8 38. Ra7 Nb5 39. Ra5 Ra3 40. Nxd5 Ned6 41. Nb2 Nxc3 42. Kf4 Nb7 43. Nxc3 Nxa5 44. Nbxa4 Kf6 45. d5 Nb7 46. Ne4+ Ke7 47. Nac3 f5 48. d6+ Nxd6 49. Nxd6 Rxc3 50. Nb5 Rc1 51. g4 fxg4 52. fxg4 hxg4 53. Bxg4 c3 54. Nd4 c2 55. Kg5 Kf7 56. h5 gxh5 57. Bxh5+ Ke7 58. Bg4 Kd6 59. Nxc2 Rxc2 60. Bf5 Rf2 61. Kf6 Rf1 62. Kg6 Ke5 63. Bd3 Rf6+ 64. Kg7 Rd6 65. Bh7 Kf4 66. Kh8 Kg5 67. Kg7 Rd7+ 68. Kh8 Kf6 69. Bg8 Rd8 70. Kh7 Rd2 71. Kh8 Rh2+ 72. Bh7 Kg5 73. Kg7 Rb2 74. Kh8 Kh6 75. Bg8 Rb7 76. Bd5 Rh7+ 77. Kg8 Rd7 78. Bb3 Rd8+ 79. Kf7 Kh7 80. Bc2+ Kh8 81. Bb1 Rd1 82. Bc2 Rf1+ 83. Kg6 Rg1+ 84. Kf7 Rg2 85. Bd3 Rf2+ 86. Kg6 Rf4 87. Bc2 Kg8 88. Bb3+ Kf8 89. Bd5 Rf1 90. Bc4 Rg1+ 91. Kh7 Rg7+ 92. Kh8 Rg3 93. Kh7 Rg7+ 94. Kh8 Rg4 95. Bd3 Kf7 96. Bh7 Rd4 97. Bg8+ Kf6 98. Bh7 Rd8+ 99. Bg8 Rb8 100. Kh7 Rb7+ 101. Kh8 Rb8 102. Kh7 Rb7+ 103. Kh8 Rb8 1/2-1/2

[Event "Isle of Wight International"]
[Site "Ryde"]
[Date "2025.02.22"]
[Round "7.31"]
[White "Dignam, Matthew P"]
[Black "Brackmann, Hendrik"]
[Result "1-0"]
[WhiteElo "2138"]
[BlackElo "2021"]
[PlyCount "51"]
[EventDate "2025.02.18"]
[EventType "swiss"]
[EventRounds "9"]
[EventCountry "ENG"]
[SourceTitle "BritBase"]
[Source "John Saunders"]
[SourceDate "2025.02.21"]
[SourceVersion "1"]
[SourceVersionDate "2025.02.21"]
[SourceQuality "1"]

1. Nf3 Nf6 2. g3 c5 3. Bg2 d5 4. O-O e6 5. d3 Be7 6. Nbd2 O-O 7. e4 Nc6 8. Kh1 b5 9. Ng1 dxe4 10. dxe4 e5 11. c3 Bg4 12. f3 Bh5 13. Qe2 a6 14. Re1 Qc7 15. Nf1 h6 16. Ne3 Rfd8 17. Nf5 Bf8 18. Nh3 Na5 19. g4 Bg6 20. g5 Bxf5 21. exf5 Nd5 22. gxh6 gxh6 23. f4 e4 24. Bxe4 Re8 25. Rg1+ Kh8 26. Qg2 1-0

[Event "Isle of Wight International"]
[Site "Ryde"]
[Date "2025.02.22"]
[Round "7.32"]
[White "Elgar, Tim"]
[Black "Cansdale, Zach"]
[Result "1/2-1/2"]
[WhiteElo "2104"]
[BlackElo "1955"]
[PlyCount "126"]
[EventDate "2025.02.18"]
[EventType "swiss"]
[EventRounds "9"]
[EventCountry "ENG"]
[SourceTitle "BritBase"]
[Source "John Saunders"]
[SourceDate "2025.02.21"]
[SourceVersion "1"]
[SourceVersionDate "2025.02.21"]
[SourceQuality "1"]

1. Nf3 d5 2. g3 Nf6 3. Bg2 e6 4. O-O Be7 5. d3 O-O 6. Nbd2 c5 7. e4 Nc6 8. Re1 Qc7 9. c3 dxe4 10. dxe4 e5 11. Nc4 Be6 12. Qe2 Rad8 13. Bg5 Nd7 14. Ne3 Nb6 15. Bxe7 Nxe7 16. Ng5 Bc8 17. Qh5 h6 18. Nf3 f6 19. Bh3 Bxh3 20. Qxh3 Qd7 21. Qh5 Qe8 22. Qg4 Qd7 23. Qh4 Qe6 24. Qg4 Qxg4 25. Nxg4 Nc4 26. Ne3 Nxe3 27. Rxe3 Rd7 28. Ree1 Rfd8 29. Kf1 g5 30. h4 Nc8 31. Re2 Nb6 32. Ke1 Nc4 33. h5 Rd3 34. Nh2 Kg7 35. Ng4 a5 36. b3 Nb6 37. Rc1 c4 38. Ne3 cxb3 39. axb3 a4 40. bxa4 Nxa4 41. Rec2 Nc5 42. Rb1 R8d7 43. Rb4 Rxe3+ 44. fxe3 Nd3+ 45. Ke2 Nxb4 46. cxb4 Kf7 47. Rc8 g4 48. b5 f5 49. exf5 Kf6 50. Rg8 Kxf5 51. Rg6 Rd5 52. b6 Rb5 53. e4+ Kxe4 54. Rxg4+ Kf5 55. Rg6 Rb4 56. Rxh6 Kg5 57. Re6 Kxh5 58. Rxe5+ Kg4 59. Re6 Kxg3 60. Kd3 Kf4 61. Kc3 Kf5 62. Rh6 Rb1 63. Kd4 Rd1+ 1/2-1/2

[Event "Isle of Wight International"]
[Site "Ryde"]
[Date "2025.02.22"]
[Round "7.33"]
[White "Yu, Rock"]
[Black "Rida, Ruqayyah"]
[Result "1-0"]
[WhiteElo "1980"]
[BlackElo "2101"]
[PlyCount "145"]
[EventDate "2025.02.18"]
[EventType "swiss"]
[EventRounds "9"]
[EventCountry "ENG"]
[SourceTitle "BritBase"]
[Source "John Saunders"]
[SourceDate "2025.02.21"]
[SourceVersion "1"]
[SourceVersionDate "2025.02.21"]
[SourceQuality "1"]

1. d4 Nf6 2. Nf3 g6 3. g3 Bg7 4. Bg2 c5 5. c4 O-O 6. O-O d6 7. b3 d5 8. Bb2 Nc6 9. Nbd2 cxd4 10. Nxd4 Bd7 11. e3 Nxd4 12. Bxd4 Bc6 13. Rc1 Re8 14. cxd5 Nxd5 15. Bxg7 Kxg7 16. Nc4 e5 17. Qd2 e4 18. Rfd1 Qf6 19. Qd4 Rad8 20. Na5 Re6 21. Qxf6+ Kxf6 22. Bh3 Red6 23. Nc4 Ke7 24. Nxd6 Rxd6 25. Rd4 f5 26. Rcd1 Rd7 27. R1d2 Nb4 28. Rxd7+ Bxd7 29. Bf1 Be6 30. f3 exf3 31. Kf2 Nd5 32. Kxf3 Nc3 33. Bd3 Bd5+ 34. Kf2 Ke6 35. Rc2 Ne4+ 36. Bxe4 Bxe4 37. Rc4 Kd7 38. g4 Kd6 39. gxf5 Bxf5 40. e4 Be6 41. Ra4 a6 42. Ra5 Bc8 43. Rd5+ Ke7 44. Rc5 Bd7 45. Ke3 Bc6 46. Kd4 Kd6 47. Rg5 Ke6 48. Rg1 Bb5 49. Rc1 Bc6 50. Rf1 Ke7 51. Ke5 Bd7 52. Rc1 Bc6 53. h4 h6 54. Rd1 Be8 55. Rd6 Kf7 56. Rf6+ Ke7 57. Re6+ Kf7 58. Kd6 Bc6 59. Re7+ Kf8 60. e5 g5 61. hxg5 hxg5 62. Rh7 g4 63. Rh4 g3 64. Rg4 g2 65. e6 a5 66. Ke5 Ke7 67. Rg7+ Ke8 68. Kf6 Kd8 69. e7+ Kd7 70. Rg8 Kd6 71. Rxg2 Kc5 72. Rc2+ Kb4 73. Rxc6 1-0

[Event "Isle of Wight International"]
[Site "Ryde"]
[Date "2025.02.22"]
[Round "7.34"]
[White "Patel, Zain"]
[Black "Bugaj, Hanna"]
[Result "1/2-1/2"]
[WhiteElo "2089"]
[BlackElo "1903"]
[PlyCount "44"]
[EventDate "2025.02.18"]
[EventType "swiss"]
[EventRounds "9"]
[EventCountry "ENG"]
[SourceTitle "BritBase"]
[Source "John Saunders"]
[SourceDate "2025.02.21"]
[SourceVersion "1"]
[SourceVersionDate "2025.02.21"]
[SourceQuality "1"]

1. b3 Nf6 2. Bb2 e6 3. Nf3 c5 4. e3 Nc6 5. d4 d5 6. Bd3 Be7 7. O-O O-O 8. a3 b6 9. dxc5 bxc5 10. c4 Rb8 11. Nbd2 Ba6 12. Qc2 h6 13. Ne5 Nxe5 14. Bxe5 Rc8 15. Rfd1 Qb6 16. cxd5 Bxd3 17. Qxd3 exd5 18. Rac1 Rfd8 19. Qe2 Qe6 20. Nf3 Ne4 21. Bb2 Rb8 22. Rd3 Qb6 1/2-1/2

[Event "Isle of Wight International"]
[Site "Ryde"]
[Date "2025.02.22"]
[Round "7.35"]
[White "Larchikov, Maksym"]
[Black "Obrochta, Lena"]
[Result "1-0"]
[WhiteElo "2088"]
[BlackElo "1916"]
[PlyCount "77"]
[EventDate "2025.02.18"]
[EventType "swiss"]
[EventRounds "9"]
[EventCountry "ENG"]
[SourceTitle "BritBase"]
[Source "John Saunders"]
[SourceDate "2025.02.21"]
[SourceVersion "1"]
[SourceVersionDate "2025.02.21"]
[SourceQuality "1"]

1. d4 d5 2. c4 e6 3. Nc3 Be7 4. Nf3 Nf6 5. Bg5 O-O 6. e3 b6 7. cxd5 exd5 8. Ne5 Bb7 9. Qa4 a6 10. Rc1 c5 11. dxc5 bxc5 12. Bd3 Nbd7 13. Nxd7 Nxd7 14. Qh4 f6 15. Qxh7+ Kf7 16. Qg6+ Ke6 17. Bf4 Ne5 18. Bxe5 Kxe5 19. Qf5+ Kd6 20. Be4 g6 21. Qf4+ Ke6 22. Bxg6 f5 23. h4 Bd6 24. Qf3 Be5 25. O-O Qxh4 26. g3 Qh6 27. Na4 Bd6 28. Nxc5+ Bxc5 29. Rxc5 Qxg6 30. Rc7 Rf7 31. Rfc1 Rd8 32. Qf4 Rd6 33. Qb4 Qh7 34. Qxb7 Rdd7 35. Qxa6+ Ke5 36. Rxd7 Rxd7 37. Qa4 Rd6 38. Rc6 Rxc6 39. Qxc6 1-0

[Event "Isle of Wight International"]
[Site "Ryde"]
[Date "2025.02.22"]
[Round "7.36"]
[White "Patel, Keatan"]
[Black "Malinovsky, Ilya"]
[Result "1/2-1/2"]
[WhiteElo "1957"]
[BlackElo "2073"]
[PlyCount "49"]
[EventDate "2025.02.18"]
[EventType "swiss"]
[EventRounds "9"]
[EventCountry "ENG"]
[SourceTitle "BritBase"]
[Source "John Saunders"]
[SourceDate "2025.02.21"]
[SourceVersion "1"]
[SourceVersionDate "2025.02.21"]
[SourceQuality "1"]

1. e4 e6 2. d4 d5 3. exd5 exd5 4. Nf3 Bd6 5. Bd3 Ne7 6. O-O Bg4 7. Re1 Nbc6 8. c3 Qd7 9. Nbd2 Bf5 10. Nf1 f6 11. b4 Bxd3 12. Qxd3 O-O-O 13. a4 g5 14. Ne3 h5 15. a5 h4 16. b5 Nb8 17. h3 Rhg8 18. c4 Bf4 19. Ng4 Rdf8 20. Ba3 Rg7 21. Rxe7 Rxe7 22. Bxe7 Qxe7 23. Qf5+ Qd7 24. Nxh4 gxh4 25. Qxf4 1/2-1/2

[Event "Isle of Wight International"]
[Site "Ryde"]
[Date "2025.02.22"]
[Round "7.37"]
[White "Kothari, Jai"]
[Black "Moseley, Alan"]
[Result "1-0"]
[WhiteElo "2070"]
[BlackElo "1740"]
[PlyCount "34"]
[EventDate "2025.02.18"]
[EventType "swiss"]
[EventRounds "9"]
[EventCountry "ENG"]
[SourceTitle "BritBase"]
[Source "John Saunders"]
[SourceDate "2025.02.21"]
[SourceVersion "1"]
[SourceVersionDate "2025.02.21"]
[SourceQuality "1"]

1. e4 e6 2. d4 d5 3. Bd3 dxe4 4. Bxe4 Nf6 5. Bf3 c5 6. Ne2 Nc6 7. Be3 cxd4 8. Nxd4 Ne5 9. Nc3 Nxf3+ 10. Qxf3 Bb4 11. O-O-O Qa5 12. Nb3 Qa6 13. Bg5 Bxc3 14. Qxc3 O-O 15. Bxf6 gxf6 16. Qxf6 Qb6 17. Rd3 Qd8 1-0

[Event "Isle of Wight International"]
[Site "Ryde"]
[Date "2025.02.22"]
[Round "7.38"]
[White "Hu, Junyan"]
[Black "Rappazzo, Johannes"]
[Result "0-1"]
[WhiteElo "1895"]
[BlackElo "2209"]
[PlyCount "62"]
[EventDate "2025.02.18"]
[EventType "swiss"]
[EventRounds "9"]
[EventCountry "ENG"]
[SourceTitle "BritBase"]
[Source "John Saunders"]
[SourceDate "2025.02.21"]
[SourceVersion "1"]
[SourceVersionDate "2025.02.21"]
[SourceQuality "1"]

1. e4 c5 2. Nf3 d6 3. d4 cxd4 4. Nxd4 Nf6 5. f3 e5 6. Nb3 Be7 7. c4 a5 8. Be3 a4 9. N3d2 O-O 10. Nc3 a3 11. b3 Nc6 12. Ndb1 Nh5 13. Nd5 Nd4 14. Nxe7+ Qxe7 15. Nc3 Be6 16. Bxd4 exd4 17. Qxd4 Qh4+ 18. Qf2 Qf6 19. Qd2 b5 20. Rc1 bxc4 21. Bxc4 Bxc4 22. bxc4 Rab8 23. Nb5 d5 24. O-O dxc4 25. Nxa3 Rfd8 26. Qc3 Qb6+ 27. Kh1 Ng3+ 28. hxg3 Rd6 29. Rf2 Qxf2 30. Qf6 Rxf6 31. Rf1 Rh6# 0-1

[Event "Isle of Wight International"]
[Site "Ryde"]
[Date "2025.02.22"]
[Round "7.39"]
[White "Maki Uuro, Miika"]
[Black "Pick, Freddie"]
[Result "1-0"]
[WhiteElo "2278"]
[BlackElo "1994"]
[PlyCount "75"]
[EventDate "2025.02.18"]
[EventType "swiss"]
[EventRounds "9"]
[EventCountry "ENG"]
[SourceTitle "BritBase"]
[Source "John Saunders"]
[SourceDate "2025.02.21"]
[SourceVersion "1"]
[SourceVersionDate "2025.02.21"]
[SourceQuality "1"]

1. e4 c5 2. Nf3 Nc6 3. d4 cxd4 4. Nxd4 Nf6 5. Nc3 e5 6. Ndb5 d6 7. Bg5 a6 8. Na3 b5 9. Nab1 Be7 10. Bxf6 Bxf6 11. a4 b4 12. Nd5 Bg5 13. Bc4 O-O 14. O-O Be6 15. Qd3 a5 16. c3 Rb8 17. Bb5 Bxd5 18. Qxd5 Ne7 19. Qd3 d5 20. cxb4 axb4 21. Nd2 Bxd2 22. Qxd2 Qa5 23. Qg5 Qc7 24. Rac1 Qd6 25. exd5 Nxd5 26. Rc6 Qe7 27. Qxe7 Nxe7 28. Rc7 Nf5 29. Re1 f6 30. Bc4+ Kh8 31. a5 Nd6 32. Bf1 Rfc8 33. Rec1 Rxc7 34. Rxc7 Rc8 35. Rd7 Ne4 36. a6 h6 37. a7 Nc5 38. Rc7 1-0

[Event "Isle of Wight International"]
[Site "Ryde"]
[Date "2025.02.22"]
[Round "7.40"]
[White "Bharat Kumar, Balahari"]
[Black "Wilks, Simon"]
[Result "1/2-1/2"]
[WhiteElo "2022"]
[BlackElo "2089"]
[PlyCount "114"]
[EventDate "2025.02.18"]
[EventType "swiss"]
[EventRounds "9"]
[EventCountry "ENG"]
[SourceTitle "BritBase"]
[Source "John Saunders"]
[SourceDate "2025.02.21"]
[SourceVersion "1"]
[SourceVersionDate "2025.02.21"]
[SourceQuality "1"]

1. d4 Nf6 2. c4 e6 3. Nf3 Bb4+ 4. Nbd2 O-O 5. a3 Be7 6. e4 d6 7. Bd3 Nfd7 8. O-O e5 9. Rb1 Nc6 10. d5 Ncb8 11. b4 a5 12. Rb2 c6 13. dxc6 Nxc6 14. Nb1 Nf6 15. h3 axb4 16. axb4 h6 17. Be3 Ra1 18. Qd2 Be6 19. Nc3 Qa8 20. Rxa1 Qxa1+ 21. Kh2 Qa8 22. Nd5 Bd8 23. Bb1 Nh7 24. c5 dxc5 25. Bxc5 Re8 26. b5 Nd4 27. Nxd4 exd4 28. Bxd4 Qb8+ 29. g3 Ng5 30. Qc3 Qd6 31. Bc5 Qd7 32. Rd2 Bxd5 33. Rxd5 Qxh3+ 34. Kg1 Qg4 35. Qd3 Nf3+ 36. Kf1 Bg5 37. e5 g6 38. Qe4 Qxe4 39. Bxe4 Nd2+ 40. Rxd2 Bxd2 41. f4 Rc8 42. Bd6 b6 43. Bc6 Be3 44. Ke2 Bg1 45. Kf3 h5 46. Ke4 Bf2 47. Kf3 Bg1 48. g4 hxg4+ 49. Kxg4 Kg7 50. f5 gxf5+ 51. Kxf5 Bh2 52. Be7 Bg1 53. e6 Bd4 54. Bd6 fxe6+ 55. Kxe6 Bf6 56. Kd7 Rd8+ 57. Kc7 Rxd6 1/2-1/2

[Event "Isle of Wight International"]
[Site "Ryde"]
[Date "2025.02.22"]
[Round "7.41"]
[White "Skettos, Nicolas"]
[Black "Adams, Henry"]
[Result "1/2-1/2"]
[WhiteElo "1966"]
[BlackElo "2082"]
[PlyCount "50"]
[EventDate "2025.02.18"]
[EventType "swiss"]
[EventRounds "9"]
[EventCountry "ENG"]
[SourceTitle "BritBase"]
[Source "John Saunders"]
[SourceDate "2025.02.21"]
[SourceVersion "1"]
[SourceVersionDate "2025.02.21"]
[SourceQuality "1"]

1. e4 c6 2. d4 d5 3. Nd2 dxe4 4. Nxe4 Nf6 5. Nxf6+ exf6 6. Bc4 Qe7+ 7. Qe2 Bg4 8. f3 Bf5 9. c3 Nd7 10. Bd2 Nb6 11. Bb3 Bd3 12. Qxe7+ Bxe7 13. Nh3 O-O 14. Nf4 Bf5 15. g4 Bd7 16. O-O-O f5 17. h3 Rfe8 18. Rhg1 fxg4 19. fxg4 Bd6 20. Rgf1 Bxf4 21. Rxf4 Be6 22. Re4 Bd5 23. Rxe8+ Rxe8 24. Re1 Rxe1+ 25. Bxe1 Bg2 1/2-1/2

[Event "Isle of Wight International"]
[Site "Ryde"]
[Date "2025.02.22"]
[Round "7.42"]
[White "Kumar, Sanjit S"]
[Black "Hagesaether, Arne"]
[Result "1-0"]
[WhiteElo "2074"]
[BlackElo "1993"]
[PlyCount "81"]
[EventDate "2025.02.18"]
[EventType "swiss"]
[EventRounds "9"]
[EventCountry "ENG"]
[SourceTitle "BritBase"]
[Source "John Saunders"]
[SourceDate "2025.02.21"]
[SourceVersion "1"]
[SourceVersionDate "2025.02.21"]
[SourceQuality "1"]

1. d4 Nf6 2. c4 e6 3. Nc3 Bb4 4. e3 O-O 5. Nge2 d5 6. a3 Be7 7. cxd5 exd5 8. Nf4 b6 9. b4 a5 10. Rb1 Bf5 11. Bd3 Qd7 12. O-O Rd8 13. Qc2 Bg6 14. Nce2 axb4 15. axb4 Bd6 16. Nxg6 hxg6 17. f3 Qe7 18. e4 Nh7 19. b5 Bb4 20. e5 Nf8 21. f4 Ne6 22. Be3 Ra3 23. f5 gxf5 24. Rxf5 c5 25. bxc6 Nxc6 26. Rbf1 Qh4 27. Bf2 Qh6 28. Rxf7 Ne7 29. Rf3 Ng5 30. Rg3 Rc8 31. Qb1 Bd2 32. Bh7+ Nxh7 33. Rxa3 Ng5 34. Ng3 Qe6 35. Be3 Bxe3+ 36. Rxe3 Qg4 37. Qd1 Qe6 38. Qh5 Nf7 39. Nf5 Ng6 40. Rg3 Rc6 41. Rxg6 1-0

[Event "Isle of Wight International"]
[Site "Ryde"]
[Date "2025.02.22"]
[Round "7.43"]
[White "Rastogi, Nayan Keats"]
[Black "Murawski, Jan"]
[Result "0-1"]
[WhiteElo "1843"]
[BlackElo "2071"]
[PlyCount "152"]
[EventDate "2025.02.18"]
[EventType "swiss"]
[EventRounds "9"]
[EventCountry "ENG"]
[SourceTitle "BritBase"]
[Source "John Saunders"]
[SourceDate "2025.02.21"]
[SourceVersion "1"]
[SourceVersionDate "2025.02.21"]
[SourceQuality "1"]

1. e4 e5 2. Nf3 Nc6 3. Bb5 f5 4. d3 fxe4 5. dxe4 Nf6 6. O-O d6 7. Nc3 Be7 8. Re1 O-O 9. Bc4+ Kh8 10. Ng5 Qe8 11. Ne6 Bxe6 12. Bxe6 Nd4 13. Bc4 Qg6 14. f3 Nh5 15. Rf1 Bg5 16. Bxg5 Qxg5 17. Kh1 Rf6 18. Qc1 Qh4 19. Qe1 Qxe1 20. Raxe1 Nxc2 21. Nd5 Rh6 22. Rc1 Ng3+ 23. Kg1 Nxf1 24. Bxf1 c6 25. Rxc2 cxd5 26. exd5 Rh4 27. Bd3 Rd4 28. Be4 Rd8 29. Kf2 Rd1 30. Ke2 Rg1 31. Kf2 Ra1 32. Rc7 Rxa2 33. Rxb7 g6 34. Kg3 Ra6 35. Kg4 Rb6 36. Rxa7 Rxb2 37. Kg3 Kg8 38. h4 Rf8 39. h5 Rf7 40. Ra8+ Kg7 41. hxg6 hxg6 42. Ra6 Rd7 43. Kh3 Kf6 44. Kg3 Kg5 45. Ra8 Rbb7 46. Rg8 Rg7 47. Rd8 Rbd7 48. Rf8 Rgf7 49. Rg8 Rf6 50. Rh8 Rdf7 51. Rg8 Kh6 52. Rh8+ Kg7 53. Rd8 Rf8 54. Rd7+ Kh6 55. Kh3 Kg5 56. Kg3 Rb8 57. Rh7 Rd8 58. Rh4 Rf4 59. Rh7 Kf6 60. Rh6 Rg8 61. Rh7 Rg7 62. Rh8 g5 63. Rh6+ Ke7 64. Re6+ Kd7 65. Kf2 g4 66. g3 Rf8 67. Kg2 gxf3+ 68. Bxf3 Rfg8 69. Rh6 Rxg3+ 70. Kf2 R3g6 71. Rh7+ R8g7 72. Be4 Rxh7 73. Bxg6 Rh4 74. Ke3 Rd4 75. Be4 Rxe4+ 76. Kxe4 Kc7 0-1

[Event "Isle of Wight International"]
[Site "Ryde"]
[Date "2025.02.22"]
[Round "7.44"]
[White "Waterfield, Mark"]
[Black "Lishoy Gengis Paratazham, Dildarav"]
[Result "0-1"]
[WhiteElo "1892"]
[BlackElo "2045"]
[PlyCount "148"]
[EventDate "2025.02.18"]
[EventType "swiss"]
[EventRounds "9"]
[EventCountry "ENG"]
[SourceTitle "BritBase"]
[Source "John Saunders"]
[SourceDate "2025.02.21"]
[SourceVersion "1"]
[SourceVersionDate "2025.02.21"]
[SourceQuality "1"]

1. e4 c6 2. Nc3 d5 3. Nf3 dxe4 4. Nxe4 Nf6 5. Qe2 Nxe4 6. Qxe4 Nd7 7. d4 Nf6 8. Qe3 g6 9. Be2 Bg7 10. O-O O-O 11. b3 Ng4 12. Qd2 c5 13. Bb2 Qc7 14. h3 Nf6 15. c4 cxd4 16. Nxd4 Bd7 17. Qe3 Rfe8 18. Nb5 Bxb5 19. cxb5 Nd5 20. Qd2 Rad8 21. Bxg7 Kxg7 22. Qd4+ e5 23. Qb2 Kg8 24. Rac1 Qe7 25. Rc4 e4 26. Rfc1 Nf4 27. Bf1 Nd3 28. Bxd3 exd3 29. Rd4 Rxd4 30. Qxd4 Rd8 31. Qe3 Qd7 32. Rd1 b6 33. a4 Qd5 34. Rb1 h5 35. f3 Kg7 36. Kf2 Rc8 37. Rc1 Rxc1 38. Qxc1 Qxb3 39. Ke3 Kh7 40. Qd2 Qxa4 41. Qxd3 Qa2 42. Qe2 Qe6+ 43. Kf2 Qd5 44. Qe8 Kg7 45. Qc6 Qd2+ 46. Kg3 Qe1+ 47. Kh2 Qe5+ 48. Kh1 Qc5 49. Qd7 Kf6 50. Kh2 Qe7 51. Qc6+ Qe6 52. Qb7 Qe5+ 53. Kh1 Qxb5 54. Qxa7 Kg7 55. Qa1+ Kh7 56. Qf6 Qb3 57. g4 hxg4 58. hxg4 b5 59. Kh2 Qc4 60. f4 Qe6 61. Qh4+ Kg7 62. Qg5 b4 63. f5 Qf6 64. Qd2 Qh4+ 65. Kg2 Qxg4+ 66. Kh2 gxf5 67. Qb2+ f6 68. Qb3 Qf4+ 69. Kh1 Qe4+ 70. Kg1 f4 71. Qa4 Kh6 72. Qd7 f3 73. Qd2+ Kh5 74. Qh2+ Kg4 0-1

[Event "Isle of Wight International"]
[Site "Ryde"]
[Date "2025.02.22"]
[Round "7.45"]
[White "Sandhu, Manvith"]
[Black "Duke, Michael"]
[Result "1-0"]
[WhiteElo "1904"]
[BlackElo "2045"]
[PlyCount "67"]
[EventDate "2025.02.18"]
[EventType "swiss"]
[EventRounds "9"]
[EventCountry "ENG"]
[SourceTitle "BritBase"]
[Source "John Saunders"]
[SourceDate "2025.02.21"]
[SourceVersion "1"]
[SourceVersionDate "2025.02.21"]
[SourceQuality "1"]

1. e4 e5 2. Nf3 Nc6 3. Bb5 a6 4. Ba4 Nf6 5. d3 b5 6. Bb3 Bc5 7. O-O h6 8. h3 O-O 9. c3 d5 10. exd5 Nxd5 11. Nxe5 Bxf2+ 12. Rxf2 Nxe5 13. Qh5 Qd6 14. Bxd5 Qxd5 15. d4 Re8 16. dxe5 Rxe5 17. Qf3 Qc5 18. Bf4 Re1+ 19. Kh2 Rb8 20. Nd2 Bb7 21. Qg3 Re6 22. Nb3 Qd5 23. Rg1 Rbe8 24. Qf3 Re4 25. Nd2 R4e7 26. Qxd5 Bxd5 27. Nb3 c6 28. Rd1 Re2 29. Rxe2 Rxe2 30. Rd2 Re4 31. Bg3 Ra4 32. Nc1 b4 33. b3 bxc3 34. Rxd5 1-0

[Event "Isle of Wight International"]
[Site "Ryde"]
[Date "2025.02.22"]
[Round "7.46"]
[White "Zhu, Pengxiao"]
[Black "Wicken, Jack"]
[Result "1/2-1/2"]
[WhiteElo "1922"]
[BlackElo "2043"]
[PlyCount "86"]
[EventDate "2025.02.18"]
[EventType "swiss"]
[EventRounds "9"]
[EventCountry "ENG"]
[SourceTitle "BritBase"]
[Source "John Saunders"]
[SourceDate "2025.02.21"]
[SourceVersion "1"]
[SourceVersionDate "2025.02.21"]
[SourceQuality "1"]

1. d4 e6 2. c4 f5 3. Nc3 Nf6 4. a3 g6 5. Nf3 Bg7 6. Bf4 d6 7. Qc2 Nbd7 8. e4 Nxe4 9. Nxe4 fxe4 10. Qxe4 Nf6 11. Qc2 Qe7 12. Be2 O-O 13. O-O b6 14. Rad1 Bb7 15. Rfe1 Be4 16. Qd2 a5 17. Ng5 e5 18. dxe5 dxe5 19. Be3 Bc6 20. Qc2 a4 21. Bf3 e4 22. Bd4 Rae8 23. Re2 Ng4 24. Nxe4 Rxf3 25. Nf6+ Rxf6 26. Rxe7 Rxe7 27. Bxf6 Bxf6 28. Qc1 Re2 29. Qf4 Rxf2 30. Qxg4 Rxg2+ 31. Qxg2 Bxg2 32. Kxg2 Bxb2 33. Rd8+ Kg7 34. Rd7+ Kh6 35. Rxc7 Bxa3 36. Ra7 Bc5 37. Rxa4 Kg5 38. Kf3 Kh4 39. Ra2 g5 40. Kg2 g4 41. h3 gxh3+ 42. Kh1 Kg3 43. Rb2 h5 1/2-1/2

[Event "Isle of Wight International"]
[Site "Ryde"]
[Date "2025.02.22"]
[Round "7.47"]
[White "Kiese, Matthias"]
[Black "Buckland, Louis"]
[Result "1/2-1/2"]
[WhiteElo "2109"]
[BlackElo "1919"]
[PlyCount "52"]
[EventDate "2025.02.18"]
[EventType "swiss"]
[EventRounds "9"]
[EventCountry "ENG"]
[SourceTitle "BritBase"]
[Source "John Saunders"]
[SourceDate "2025.02.21"]
[SourceVersion "1"]
[SourceVersionDate "2025.02.21"]
[SourceQuality "1"]

1. d4 Nf6 2. Nf3 d5 3. c4 e6 4. cxd5 exd5 5. Nc3 c6 6. Qc2 Bd6 7. Bg5 Be6 8. e3 Nbd7 9. Bd3 h6 10. Bf4 Qb8 11. Bg3 O-O 12. O-O Bxg3 13. hxg3 Qd6 14. Rab1 a6 15. b4 b5 16. e4 dxe4 17. Nxe4 Nxe4 18. Bxe4 Bd5 19. Bxd5 Qxd5 20. Rfc1 Rfc8 21. Qb3 Qxb3 22. Rxb3 a5 23. bxa5 Rxa5 24. a3 Kf8 25. Re3 Ra4 26. Kf1 Nb6 1/2-1/2

[Event "Isle of Wight International"]
[Site "Ryde"]
[Date "2025.02.22"]
[Round "7.48"]
[White "Galvan Cipriani, Viviana"]
[Black "McMahon, Paul"]
[Result "1/2-1/2"]
[WhiteElo "2096"]
[BlackElo "1919"]
[PlyCount "53"]
[EventDate "2025.02.18"]
[EventType "swiss"]
[EventRounds "9"]
[EventCountry "ENG"]
[SourceTitle "BritBase"]
[Source "John Saunders"]
[SourceDate "2025.02.21"]
[SourceVersion "1"]
[SourceVersionDate "2025.02.21"]
[SourceQuality "1"]

1. c4 Nf6 2. Nc3 e6 3. e4 d5 4. e5 Ne4 5. Nxe4 dxe4 6. Qg4 Bd7 7. Qxe4 Na6 8. a3 Bc6 9. Qc2 Qd4 10. Qc3 Bc5 11. Qxd4 Bxd4 12. f4 Nc5 13. Nf3 Bxf3 14. gxf3 Nb3 15. Rb1 Nxc1 16. b4 Na2 17. Kd1 O-O-O 18. Kc2 Nc3 19. dxc3 Be3 20. Bd3 Bxf4 21. Rbe1 Rd7 22. Re4 g5 23. h3 Rhd8 24. Rd1 h6 25. a4 c6 26. a5 Kc7 27. b5 1/2-1/2

[Event "Isle of Wight International"]
[Site "Ryde"]
[Date "2025.02.22"]
[Round "7.49"]
[White "Walton, Alan J"]
[Black "Chilton, James I"]
[Result "1-0"]
[WhiteElo "2034"]
[BlackElo "1799"]
[PlyCount "65"]
[EventDate "2025.02.18"]
[EventType "swiss"]
[EventRounds "9"]
[EventCountry "ENG"]
[SourceTitle "BritBase"]
[Source "John Saunders"]
[SourceDate "2025.02.21"]
[SourceVersion "1"]
[SourceVersionDate "2025.02.21"]
[SourceQuality "1"]

1. d4 Nf6 2. Bg5 d5 3. Bxf6 exf6 4. e3 Bd6 5. c4 dxc4 6. Bxc4 f5 7. Nc3 O-O 8. Qf3 Nd7 9. Nge2 Nf6 10. h3 Re8 11. Bd3 g6 12. O-O-O Be6 13. Rdg1 c5 14. d5 Bd7 15. g4 c4 16. Bc2 fxg4 17. hxg4 b5 18. g5 b4 19. gxf6 bxc3 20. Rxh7 cxb2+ 21. Kb1 Be5 22. Bxg6 Qxf6 23. Qxf6 Bxf6 24. Bf5+ Kf8 25. Bxd7 Re7 26. Bc6 Rc8 27. Kc2 Re5 28. Rh6 Bg7 29. Rh4 f5 30. Rxc4 Rb8 31. Nd4 Kf7 32. Nf3 Re7 33. d6 1-0